000 00295nam a22001337a 4500
008 171123b xxu||||| |||| 00| 0 eng d
020 _a0080232493
041 _aeng
080 _a721
100 _a41
101 _aNDE
245 _aLOW COST HOUSING TECHNOLOGY
_cGOODMAN,L.J
942 _2udc
_cBK
999 _c38344
_d38344